Statistics for Dan Brown Bibliography

Click here to take the quiz!

General Stats

  • This quiz has been taken 27 times
    (11 since last reset)
  • The average score is 5 of 8

Answer Stats

TypeYearName% Correct
Novel2003The Da Vinci Code
100%
Novel2000Angels & Demons
80%
Novel2017Origin
70%
Novel2009The Lost Symbol
70%
Novel2001Deception Point
60%
Novel1998Digital Fortress
60%
Novel2013Inferno
60%
Children's Book2020Wild Symphony
0%

Score Distribution

Percentile by Number Answered

Percent of People with Each Score

Your Score History

You have not taken this quiz since the last reset